Films récompensés à Cannes en 2025 - Statistiques

Statistiques générales
  • Ce quiz a été pris 16 fois
  • Le résultat moyen est 7 sur 10
Statistiques - réponses
Prix Films % Correct
Palme d'or Un simple accident
100%
Prix de la mise en scène L'Agent secret
86%
Prix d'interprétation masculine pour Wagner Moura L'Agent secret
86%
Prix d'interprétation féminine pour Nadia Melliti La Petite Dernière
79%
Prix du jury (ex-æquo) Sirāt
71%
Grand prix Valeur sentimentale
71%
Prix spécial Résurrection
57%
Prix du scénario Jeunes Mères
50%
Les Échos du passé
43%
Palme d'or du court métrage I'm Glad You're Dead Now
7%
Aucun quiz correspondant
Distribution des résultats
% des personnes avec chaque résultat
Percentile par nombre de réponses
Votre historique - résultats
Vous n’avez pas pris ce quiz